000 01882nam a2200541 i 4500
001 42771
003 KOSZ 005
005 20230103125452.0
008 060201s2000 pl |000 0 pol
015 _aUWD 2001/9687
020 _a8388010271
035 _a991015633989705066
035 _a(PL-WaBN)b14202128-48omnis_nlop
035 _ab14202128
035 _a(OCoLC)830217867
035 _azz2006876929
035 _a(PL)b0000001420212
035 _a(EXLNZ-48OMNIS_NETWORK)9910151423605606
040 _aWA N
_cWA N
_dKOSZ 005/HR
041 0 _apol
046 _k2000
080 _a346.7(4-67)
080 _a663.9
080 _a614.3
100 1 _aNitecka, Elżbieta
_eAutor
245 1 0 _aWymagania jakościowe Unii Europejskiej dotyczące ekstraktów kawy i ekstraktów cykorii /
_cElżbieta Nitecka ; Fundacja Programów Pomocy dla Rolnictwa (FAPA).
260 _aWarszawa :
_bFPPR,
_c2000.
300 _a44 s. ;
_c21 cm.
336 _aTekst
_btxt
_2rdacontent
337 _aBez urządzenia pośredniczącego
_bn
_2rdamedia
338 _aWolumin
_bnc
_2rdacarrier
380 _aKsiążki
388 _a1901-2000
388 _a1989-2000
490 1 _aPrawo Żywnościowe Unii Europejskiej
500 _aPubl. powstała w ramach projektu Phare PL 9607-01-15/22/773.
650 7 _aJakość produktu
_2DBN
650 7 _aJakość żywności
650 7 _aKawa
_2DBN
650 7 _aPrawo Unii Europejskiej
_2DBN
658 _aPrawo i wymiar sprawiedliwości
658 _aRolnictwo i leśnictwo
710 2 _aFundacja Programów Pomocy dla Rolnictwa FAPA
830 0 _aPrawo Żywnościowe Unii Europejskiej
856 _uhttp://koha.tu.koszalin.pl/cgi-bin/koha/opac-detail.pl?biblionumber=42771
_yKatalog online BPK
942 _2UKD
_cKS
999 _c42771
_d42771